Pháp luật về khuyến khích đầu tư năng lượng xanh, năng lượng sạch, năng lượng tái tạo ở Việt Nam

Nội dung sách đưa ra giải pháp sửa đổi, bổ sung, điều chỉnh hoàn thiện các văn bản pháp luật về khuyến khích đầu tư năng lượng xanh, năng lượng sạch, năng lượng tái tạo.

Shranjeno v:
Bibliografske podrobnosti
Glavni avtor: Doãn Hồng Nhung (Chủ biên)
Drugi avtorji: Nguyễn Thanh Hải
Format: Knjiga
Jezik:Vietnamese
Izdano: H. Đại học Quốc gia Hà Nội 2022
Teme:
Oznake: Označite
Brez oznak, prvi označite!
Thư viện lưu trữ: Thư viện Trường Đại học Nam Cần Thơ
LEADER 01361nam a22002177a 4500
001 NCT_147157
008 230404b xxu||||| |||| 00| 0 vie d
999 |c 7578  |d 7578 
020 |a 9786043696776  |c 98000 
082 0 4 |2 23rd ed.  |a 346.597092  |b Nh513 
100 1 |a Doãn Hồng Nhung  |e Chủ biên 
245 1 0 |a Pháp luật về khuyến khích đầu tư năng lượng xanh, năng lượng sạch, năng lượng tái tạo ở Việt Nam  |c Doãn Hồng Nhung (Chủ biên); Nguyễn Thanh Hải 
260 |a H.  |b Đại học Quốc gia Hà Nội  |c 2022 
300 |a 179 tr.  |c 21 cm 
520 3 |a Nội dung sách đưa ra giải pháp sửa đổi, bổ sung, điều chỉnh hoàn thiện các văn bản pháp luật về khuyến khích đầu tư năng lượng xanh, năng lượng sạch, năng lượng tái tạo. 
653 |a Luật 
700 1 |a Nguyễn Thanh Hải 
942 |2 ddc  |c BK 
952 |0 0  |1 0  |2 ddc  |4 0  |6 346_597092000000000_NH513  |7 0  |9 27297  |a 000001  |b 000001  |d 2023-04-04  |o 346.597092 Nh513  |p MD.21612  |r 2023-04-04  |v 98000.00  |w 2023-04-04  |y BK 
952 |0 0  |1 0  |2 ddc  |4 0  |6 346_597092000000000_NH513  |7 0  |9 27298  |a 000001  |b 000001  |d 2023-04-04  |o 346.597092 Nh513  |p MD.21613  |r 2023-04-04  |v 98000.00  |w 2023-04-04  |y BK 
980 |a Thư viện Trường Đại học Nam Cần Thơ